ملخصات سشوم نظريات ومسائل في المصفوفات / (Record no. 7127)
[ view plain ]
| 000 -الفاتح | |
|---|---|
| حقل البيانات ثابتة الطول | 00980nac a22002291u 4500 |
| 008 - عناصر البيانات ثابتة الطول - معلومات عامة | |
| حقل البيانات ثابتة الطول | 090318s1976 xxu||||| |||| 00| 0 ara d |
| 020 ## - الرقم الدولى المعيارى للكتب | |
| الرقم الدولى المعيارى للكتاب | 9777065523 |
| 082 ## - رقم تصنيف ديوى العشرى | |
| رقم التصنيف | 510 |
| رقم المادة | آ ي ر |
| 245 ## - بيان العنوان | |
| العنوان | ملخصات سشوم نظريات ومسائل في المصفوفات / |
| بيان المسئوليه,etc | تأليف فرانك آيرز ؛ ترجمة نخبة من الأساتذة المتخصصين ؛ مراجعة فاروق البتانونى |
| 246 ## - العنوان الموازى | |
| عنوان صحيح/عنوان مختصر | ملخصات سشوم |
| 260 ## - PUBLICATION, DISTRIBUTION, ETC. (IMPRINT) | |
| مكان الناشر او الموزع | القاهرة : |
| اسم الناشر او الموزع | مؤسسة الأهرام،1976 |
| تاريخ النشر أو التوزيع | 1976. |
| 300 ## - الوصف المادى | |
| التعداد | 258 ص : |
| تفاصيل ماديه اخرى للوعاء | ايض ؛ |
| أبعاد الوعاء | 30 سم. |
| 336 ## - نوع المحتوى | |
| source | rdacontent |
| Carrier Type Term | نص |
| Content Type Code | txt |
| 337 ## - نوع الوسيط | |
| Media Type Term | بدون وسيط |
| source | rdamedia |
| Media Type Code | n |
| 338 ## - نوع الحامل أو الناقل | |
| Carrier Type Term | مجلد |
| Carrier Type Code | nc |
| source | rdacarrier |
| 490 #0 - بيان السلسلة | |
| -- | 21216 |
| عنوان السلسلة | سلسلة ملخصات سشوم |
| 500 ## - تبصرة عامة | |
| تبصرة عامة | يشتمل على كشاف |
| 650 ## - المدخل الاضافى بالموضوع-مصطلح موضوعى | |
| مصطلح موضوعي أو اسم جغرافي كعنصر مدخل | الجبر |
| 9 (RLIN) | 21217 |
| 650 ## - المدخل الاضافى بالموضوع-مصطلح موضوعى | |
| مصطلح موضوعي أو اسم جغرافي كعنصر مدخل | الرياضيات |
| 9 (RLIN) | 8640 |
| 700 1# - المدخل الاضافى - اسم شخصى | |
| 9 (RLIN) | 21218 |
| الإسم الشخصى | البتانونى ، فاروق |
| الدور | مراجعة |
| 942 ## - عناصر المدخل الإضافي( كوها) | |
| Koha [default] item type | Book - Borrowing |
| سابقة رقم الطلب | 510 آ ي ر |
| مصدر التصنيف او مخطط الترفيف | Dewey Decimal Classification |
| جزء التصنيف | RDA-MOD |
| حالة التراجع | حالة الفقد | مصدر التصنيف او خطة الترفيف | حالة تلف | ليس للاعارة | مجموعات كوها | المكان الدائم | المكان الحالي | موقع الترفيف | تاريخ الاكتساب | Source of acquisition | رقم الاستدعاء | الباركود | Date last seen | نوع الوعاء |
|---|---|---|---|---|---|---|---|---|---|---|---|---|---|---|
| Dewey Decimal Classification | Alef-Baa | Central Library | Central Library | First floor | 15/12/2010 | 510 آ ي ر | 000008195 | 15/07/2025 | Book - Borrowing |